000 00370cam a22001337a 4500
008 180718b1960 xxu||||| |||| 00| 0 eng d
082 _aF5 L338
100 _aLasswell, Harold D.
245 _aPsychopathology and politics
_cby Harold D. Lasswell
260 _aNew York
_bViking Press
_c1960
300 _a319p.
650 _aPolitical science.
650 _aPsychoanalysis
999 _c492983
_d492983